Sebahodnotenie učiteľa - nevyhnutný predpoklad skvalitňovania rozborovej činnosti riadiacich pedagogických pracovníkov

Bibliographic Details
Main Author: Čihanský, Štefan (Author)
Format: Article
Language:Slovak
PhysicalDescription:Obr. 1.
Subjects:

MARC

LEADER 00000nab a2200000 a 4500
001 vtls000208322
003 SK-MaSNL
005 20260303200822.0
008 140301c1984 xo 0 slo
015 |a SNBRB19rr/mm-uuuuu 
035 |a CL0218435 
040 |a SNKBUCL  |b slo  |c SNKBUCL  |e AACR2 
041 0 |a slo 
044 |a xo  |c SK 
080 |a 371.11  |2 1981 
100 1 |a Čihanský, Štefan  |4 aut  |9 278825 
245 1 0 |a Sebahodnotenie učiteľa - nevyhnutný predpoklad skvalitňovania rozborovej činnosti riadiacich pedagogických pracovníkov  |c Štefan Čihanský 
300 |b Obr. 1. 
650 0 7 |a riaditelia škôl  |2 snkbucl  |9 26287 
655 7 |a články z novín a časopisov  |2 snkbucl  |9 267496 
773 0 |t Učiteľské noviny  |g Roč. 34, č. 45 (1984), s. 6 
850 |a Slovenská národná knižnica v Martine  |a MTA001 
852 |a SNK  |b KIS3GCP 
958 |a RK 
992 |a RBX 
999 |c 2169913  |d 2171843